01106nam a2200205Ia 4500952010600000999001700106008004100123020001500164050001900179245011900198260002800317300003600345500007600381505026700457519008400724650002400808650002200832700003900854942000700893 00104070a11b11d2007-01-08l4oND1470 H3918p11 000584r2017-06-02s2017-06-02t1w2012-06-26yLB c68574d68574120626s1992 sp a 000 0 spa d a8487756204 aND1470 bH3918 aGuía completa de pintura y dibujob: Técnicas y materialesc/ Colin, Hayes; traducción de Juan Manuel, Ibeas aMadridb: Blumec, 1992 a233 páginasb: ilustraciones  aIncluye: Contenido, Introducción, Glosario, Indice, Agradecimientos  aPrincipios de dibujo y pintura Evolución de los materiales artísticos Oleos Acrílicos Temple Fresco Acuarela Gouache Pasteles Carbón Pluma y tinta Lápiz Aerógrafo Accesorios Impresión Presentación y conservación  aMaterial Complementario/ bDiseño y comunicación visual / d(11 000584)  0aPINTURA xTÉCNICA 0aDIBUJOxTÉCNICA aHayes, Colíneeditor coordinador cLB